Các yếu tố ảnh hưởng đến rủi ro tín dụng khách hàng cá nhân có tài sản đảm bảo tại Ngân hàng Thương mại cổ phần Đầu tư và Phát triển Việt Nam - Chi nhánh Trà Vinh Luận văn thạc sĩ. Chuyên ngành: Tài chính - Ngân hàng. Mã ngành: 8340201

Enregistré dans:
Détails bibliographiques
Auteur principal: Dương, Trung Nghĩa
Collectivités auteurs: Ủy ban Nhân dân tỉnh Trà Vinh, Trường Đại học Trà Vinh
Autres auteurs: Dương Trung Nghĩa; Nguyễn Ngọc Ẩn
Langue:Undetermined
Publié: Trà Vinh Trường Đại học Trà Vinh 2019
Sujets:
Tags: Ajouter un tag
Pas de tags, Soyez le premier à ajouter un tag!
Thư viện lưu trữ: Trung tâm Học liệu Trường Đại học Trà Vinh
LEADER 01218nam a2200289Ia 4500
001 TVU_32045
008 210423s9999 xx 000 0 und d
041 |a Vie 
082 |a 332.7 
082 |b Ngh301 
100 |a Dương, Trung Nghĩa 
245 0 |a Các yếu tố ảnh hưởng đến rủi ro tín dụng khách hàng cá nhân có tài sản đảm bảo tại Ngân hàng Thương mại cổ phần Đầu tư và Phát triển Việt Nam - Chi nhánh Trà Vinh 
245 0 |b Luận văn thạc sĩ. Chuyên ngành: Tài chính - Ngân hàng. Mã ngành: 8340201 
245 0 |c Dương Trung Nghĩa ; Nguyễn Ngọc Ẩn (hướng dẫn khoa học) 
260 |a Trà Vinh 
260 |b Trường Đại học Trà Vinh 
260 |c 2019 
300 |a ix, 65, 7 tr. 
300 |b minh họa 
300 |c 30 cm 
504 |a Thư mục: tr. 63-65 
650 |a Ngân hàng và nghiệp vụ ngân hàng; Tín dụng; Tín dụng thương mại 
700 |a Dương Trung Nghĩa; Nguyễn Ngọc Ẩn  
700 |e hướng dẫn khoa học 
710 |a Ủy ban Nhân dân tỉnh Trà Vinh 
710 |b Trường Đại học Trà Vinh 
980 |a Trung tâm Học liệu Trường Đại học Trà Vinh